Notes en clef de fa - Statistiques

Statistiques générales
  • Ce quiz a été pris 4 106 fois
  • Le résultat moyen est 5 sur 9
Statistiques - réponses
Par images Réponse % Correct
Fa
64%
Do
63%
Mi
62%
62%
Do
61%
Sol
61%
La
60%
Si
60%
La
59%
Si
58%
Sol
57%
Fa
56%
Aucun quiz correspondant
Distribution des résultats
% des personnes avec chaque résultat
Percentile par nombre de réponses
Votre historique - résultats
Vous n’avez pas pris ce quiz